书目信息 |
| 题名: |
新思维大学英语写作教程
|
|
| 作者: | 黄若妤 编 | |
| 分册: | 第1册 了解社会民生 | |
| 出版信息: | 广州 华南理工大学出版社 2006.07 |
|
| 页数: | 225-403页 | |
| 开本: | 23cm | |
| 丛书名: | ||
| 单 册: | ||
| 中图分类: | H315 | |
| 科图分类: | ||
| 主题词: | 英语--ying yu--写作--高等学校--教学参考资料 | |
| 电子资源: | ||
| ISBN: | 7-5623-2359-3 | |
| 000 | 00881nam0 2200229 450 | |
| 001 | 012006955500 | |
| 005 | 20061219151730.70 | |
| 010 | @a7-5623-2359-3@dCNY26.50 | |
| 100 | @a20061127d2006 km y0chiy0120 ea | |
| 101 | 0 | @achi@aeng |
| 102 | @aCN@b440000 | |
| 105 | @ay z 000yy | |
| 200 | 1 | @a新思维大学英语写作教程@Axin si wei da xue ying yu xie zuo jiao cheng@h第1册@h下@i了解社会民生@f黄若妤编@Fhuang ruo yu bian |
| 210 | @a广州@c华南理工大学出版社@d2006.07 | |
| 215 | @a225-403页@d23cm | |
| 330 | @a本书为理论篇和实践篇,理论篇内容包括英汉语篇思维模式的契合与变通、英文实用写作文体的语篇构架、写作基础知识与技巧、英文真实写作任务导航等。 | |
| 517 | 1 | @a了解社会民生@Aliao jie she hui min sheng |
| 606 | 0 | @a英语@Aying yu@x写作@x高等学校@j教学参考资料 |
| 690 | @aH315@v4 | |
| 701 | 0 | @a黄若妤@Ahuang ruo yu@4编 |
| 801 | 0 | @aCN@c20061219 |
| 905 | @a10447@dH315@eH878:1·2 | |
| 新思维大学英语写作教程.第1册.下.了解社会民生/黄若妤编.-广州:华南理工大学出版社,2006.07 |
| 225-403页;23cm |
| ISBN 7-5623-2359-3:CNY26.50 |
| 本书为理论篇和实践篇,理论篇内容包括英汉语篇思维模式的契合与变通、英文实用写作文体的语篇构架、写作基础知识与技巧、英文真实写作任务导航等。 |
| ● |
| 相关链接 |
|
|
|
正题名:新思维大学英语写作教程
索取号:H315/H878:1·2
 
预约/预借
| 序号 | 登录号 | 条形码 | 馆藏地/架位号 | 状态 | 备注 |
| 1 | 229215 | 202292152 | 语言库209/209语言库 7排2列2层/ [索取号:H315/H878:1·2] | 在馆 | |
| 2 | 229216 | 202292161 | 语言库209/209语言库 7排2列2层/ [索取号:H315/H878:1·2] | 在馆 | |
| 3 | 229217 | 202292170 | 语言库209/209语言库 7排2列2层/ [索取号:H315/H878:1·2] | 在馆 |